[Event "Bundesliga 0405"]
[Site "Germany"]
[Date "2005.01.29"]
[Round "8.5"]
[White "Boensch, Uwe"]
[Black "Nyback, Tomi"]
[Result "0-1"]
[WhiteElo "2540"]
[BlackElo "2554"]
[Annotator "Krasenkow,M"]
[PlyCount "76"]
[EventDate "2004.11.12"]
[EventType "team-tourn"]
[EventRounds "15"]
[EventCountry "GER"]
[SourceTitle "CBM 106"]
[Source "ChessBase"]
[SourceDate "2005.06.06"]
[SourceVersion "1"]
[SourceVersionDate "2005.06.06"]
[SourceQuality "1"]
[WhiteTeam "Tegernsee"]
[BlackTeam "Werder Bremen"]
[WhiteTeamCountry "GER"]
[BlackTeamCountry "GER"]

1. d4 Nf6 2. c4 g6 3. Nc3 d5 4. Nf3 Bg7 5. Bg5 Ne4 6. cxd5 Nxg5 7. Nxg5 e6 8.
Nf3 exd5 9. e3 a5 {A good plan: Black prevents b2-b4, leaving White with two
options: 1) a3 and b4 (which leads to simplifications) and 2) Qb3, Na4 etc,
trying to occupy the c5 and b6 squares (this is not active enough; Black's
correct counterplan is shown in the present game).} 10. Be2 O-O 11. O-O c6 12.
Na4 Nd7 ({Black can start with} 12... Bg4 13. Qb3 Ra7 14. Rfc1 Nd7 {1/2-1/2
Agzamov,G-Gavrikov,V/USSR (ch) 1985/Inf 39}) (12... Na6 $6 {, giving up the b6
square, is dubious although Black ended up well in the following game:} 13. Rc1
Re8 14. Qb3 Bf8 15. a3 $6 (15. Nb6 $1) 15... b5 16. Nc3 Bd6 17. Nb1 Bd7 18.
Nbd2 a4 19. Qc2 Qa5 20. Ra1 c5 21. dxc5 Nxc5 22. b4 axb3 23. Nxb3 Nxb3 24. Qxb3
b4 $1 $17 {0-1 Grebionkin,V-Kurnosov,I/Voronezh 2004/EXT 2005 (60)}) (12... Re8
13. Qb3 Nd7 14. Rfc1 Bf8 15. Bf1 Bd6 16. Qd1 Nf6 17. Nc5 Ne4 18. Nxe4 Rxe4 19.
a3 Re8 20. Qd2 {1/2-1/2 Yeremenko,A-Voss,M/ICCF 1999/ICCF Telechess CBM 102})
13. Rc1 (13. Qc2 Re8 14. Rfe1 Bf8 15. a3 Bd6 16. Nc5 Nxc5 17. dxc5 Bc7 18. Rad1
Bf5 19. Qa4 Qe7 20. Rc1 Be4 $36 {0-1 Daroczy,S-Felegyhazi,L/Hungary 1997/EXT
2001 (34)}) 13... Re8 $1 {[%cal Yg7f8,Yf8d6][%mdl 4] The bishop is passive on
g7; its proper place is d6, aiming at the kingside and controlling the c5 and,
if necessary, b4 square. Meanwhile, the black rook takes an active position at
the e-file.} 14. Ne1 Bf8 15. Nd3 Bd6 16. Re1 $6 {Now and further on White
consequently avoids playing Qb3 and eventually loses due to his passivity.} (
16. Qb3 $142 Bc7 $5 17. Nac5 $5) 16... Nf6 17. Bf3 h5 $1 {Black starts a
kingside attack.} 18. g3 h4 19. Nac5 $6 Kg7 20. a3 {This plan is too slow now.}
Ne4 21. Bxe4 {Alas, this is necessary; otherwise a blow on g3 would follow.}
dxe4 22. Ne5 hxg3 23. fxg3 f6 24. Nc4 Bc7 {Black's pair of bishops, weakness
of White's kingside and lack of counterplay make White's position practically
hopeless.} 25. Nd2 f5 26. Nf1 b6 27. Na4 Bd7 28. Re2 Qf6 29. Rd2 Red8 30. d5 c5
{[%csl Rd5]} 31. Nc3 Be5 32. a4 Rac8 33. Qc2 Be8 34. Rcd1 c4 35. d6 {a
desperate attempt, which fastens White's defeat as this pawn quickly falls.}
Qe6 36. Nd5 Rxd6 37. Nf4 Bxf4 38. gxf4 Rd3 0-1

[Event "Olympiad-36"]
[Site "Mallorca"]
[Date "2004.10.20"]
[Round "6"]
[White "Dreev, Alexey"]
[Black "Huzman, Alexander"]
[Result "1-0"]
[WhiteElo "2698"]
[BlackElo "2581"]
[Annotator "Krasenkow,M"]
[PlyCount "109"]
[EventDate "2004.10.15"]
[EventType "team-swiss"]
[EventRounds "14"]
[EventCountry "ESP"]
[SourceTitle "CBM 104"]
[Source "ChessBase"]
[SourceDate "2005.01.27"]
[SourceVersion "1"]
[SourceVersionDate "2005.01.27"]
[SourceQuality "1"]
[WhiteTeam "Russia"]
[BlackTeam "Israel"]
[WhiteTeamCountry "RUS"]
[BlackTeamCountry "ISR"]

1. d4 Nf6 2. c4 g6 3. Nc3 d5 4. Bg5 Ne4 5. Bh4 Nxc3 6. bxc3 dxc4 7. e3 Be6 8.
Nf3 Bg7 9. Rb1 b6 10. Nd2 O-O 11. Be2 (11. Bxc4 $2 Bxc4 12. Nxc4 Qd5) 11... Qd7
(11... c5 {is unfortunately met by a strong reply:} 12. Bf3 (12. Nxc4 Nc6 13.
O-O cxd4 14. cxd4 Rc8 $11 {0-1 Brustkern,J-Szeberenyi,A/Budapest HUN 2004/The
Week in Chess 528 (66)}) 12... Bd5 13. Bxe7 $1 Bxf3 14. Qxf3 Qxe7 15. Qxa8 cxd4
16. cxd4 c3 17. Nb3 c2 18. Rc1 Qb4+ 19. Nd2 Qc3 20. Qd5 Rc8 21. Qb3 Bf8 22.
Qxc3 Rxc3 23. Nb3 Na6 24. Kd2 Bb4 25. Na1 Ra3+ 26. Ke2 Bc3 27. Nxc2 Rxa2 28.
Kd3 $18 {1/2-1/2 Steinhoff,I-Henao,R/Sao Paulo 1992/EXT 98 (60)}) (11... Bd5 $5
12. O-O Nd7 13. Bxc4 Bxc4 14. Nxc4 c5 15. Qb3 Rc8 16. Nd6 Rc6 17. Nb5 cxd4 18.
cxd4 a6 19. Nc3 Bf6 20. Bg3 e6 21. Ne4 Be7 {1/2-1/2 Rajkovic,D-Kudrin,S/Bern
1988/CBM 08 (21).}) 12. O-O c5 13. Bxc4 Bxc4 14. Nxc4 cxd4 15. cxd4 Rc8 16. Qf3
({Several days later GM H.Mecking opted for another plan in the same position:
} 16. Qb3 Nc6 17. Bg3 Qd5 18. Rfc1 h5 19. h4 Rd8 $6 {giving up the c-file
without compensation} (19... Bf8 $5 {[%cal Ye7e6]}) (19... Na5 20. Nxa5 Qxa5
21. Rc4 Rxc4 22. Qxc4 e6 $11) 20. Nd2 Qxb3 21. Rxb3 Na5 22. Rb2 Rd7 23. Rbc2
$14 {1-0 Mecking,H-Nevednichy,V/Calvia ESP 2004/The Week in Chess 520 (51)})
16... Nc6 (16... Qc6 17. Qxc6 Nxc6 18. Rfc1 Kf8 19. Bg3 $36) 17. Rfc1 e6 18.
Bg3 Bf8 19. Nd2 $6 {White provokes ...f5 but Black is quite satisfied with
this "sad necessity".} (19. a4 $142) 19... f5 {Black doesn't care about the e5
square. Control of the light squares is more important. There was another way
of defence:} (19... Nb4 $5 20. a3 Nd5 21. e4 $140 Bh6 $1) 20. h4 {It was
better to bring the knight back. After the text move Black seizes the
initiative.} (20. Nc4 Qd5 (20... Nb4 21. Qe2) 21. Qe2) 20... Nb4 $1 {[%csl Ra2,
Gd5]} 21. Rc4 (21. a3 Na2 $1 22. Rc4 b5 23. Rxc8 Rxc8 {[%cal Gc8c1]}) 21...
Nxa2 $6 {After this move White invades the 7th rank and obtains a good
compensation for the missing pawn.} (21... Rxc4 $1 22. Nxc4 Qd5 $15 {was much
simpler}) 22. Rb2 $1 Nc1 23. Rbc2 Nd3 24. Rc7 Qe8 25. R2c3 $1 Nb4 26. e4 Rxc7
27. Rxc7 Rc8 28. Rb7 Qc6 (28... Bh6 {didn't work in view of} 29. exf5 $1 Bxd2
$140 30. f6 Qf8 31. Be5 h6 32. Qe4 $18) ({but after the cool} 28... Nc6 {
Black had good chances of parrying White's attack, e.g.} 29. d5 exd5 30. exf5
Rd8 31. fxg6 Qxg6 32. h5 Qe6 $13) 29. exf5 exf5 30. Rxa7 {White now continues
his attack with an equal material on the board. The endgame is better for him,
too. In any case Black badly suffers from the weakened 7th rank.} Nd5 (30...
Bh6 31. Qe2 Re8 32. Be5) 31. Be5 Rd8 $6 (31... Ra8 $142 $1 {to get rid of the
white rook immediately but White maintained initiative after} 32. Rxa8 (32. Rc7
Qe6) 32... Qxa8 33. Nc4 (33. Qb3 Bg7) 33... Bg7 34. Kh2 $14) 32. Ne4 $1 (32. h5
$6 Rd7) 32... Qe8 $2 {This loses a pawn and the game.} (32... Be7 33. Nc3 $1
Qxc3 (33... Bf8 34. Nxd5 (34. Bc7 $5 Rd7 35. Bxb6 Rxa7 36. Bxa7 Ne7 37. Qxc6
Nxc6 38. Bb6 $16) 34... Rxd5 (34... Qxd5 35. Qc3)) 34. Qxc3 Nxc3 35. Rxe7 $16)
(32... Qc1+ $5 33. Kh2 Qc8 34. h5 Rd7 35. Ng5 $1 Be7 36. hxg6 $1 hxg6 37. Qh3
Bf6 38. Ra1 $14) 33. Nf6+ $1 Nxf6 34. Bxf6 Rd7 35. Rxd7 Qxd7 36. Qb3+ Qf7 37.
Qxb6 Qd5 {Black can't keep this blockade due to the poor position of his king.}
38. Be5 {[%cal Rb6f6]} Be7 39. Qb8+ Bf8 40. Qe8 $22 Qf7 41. Qc6 Qe7 42. Qc4+
Qf7 43. d5 Be7 44. g3 Kf8 45. Qc8+ Qe8 46. Qb7 Qd8 47. Kg2 Ke8 48. Qc6+ Qd7 49.
Kf3 Qxc6 50. dxc6 Bc5 51. Ke2 Ke7 52. f3 Ke6 53. Kd3 Be7 54. Kc4 h5 55. f4 1-0

[Event "EU-chT (Men) 18th"]
[Site "Porto Carras"]
[Date "2011.11.04"]
[Round "2.1"]
[White "Navara, David"]
[Black "Svidler, Peter"]
[Result "0-1"]
[WhiteElo "2724"]
[BlackElo "2755"]
[Annotator "Krasenkow,M"]
[PlyCount "92"]
[EventDate "2011.11.03"]
[EventType "team-swiss"]
[EventRounds "9"]
[EventCountry "GRE"]
[SourceTitle "CBM 146"]
[Source "ChessBase"]
[SourceDate "2012.01.18"]
[SourceVersion "1"]
[SourceVersionDate "2012.01.18"]
[SourceQuality "1"]
[WhiteTeam "Czech Republic"]
[BlackTeam "Russia"]
[WhiteTeamCountry "CZE"]
[BlackTeamCountry "RUS"]

1. d4 Nf6 2. c4 g6 3. Nc3 d5 4. Bg5 Ne4 5. Bh4 Nxc3 6. bxc3 dxc4 7. e3 Be6 8.
Nf3 Bg7 9. Rb1 Nd7 {Recent theoretical developments prove that} (9... b6 {
is not necessary at all in such positions.}) 10. Ng5 ({If White takes the
b7-pawn, Black seizes the initiative on the queenside:} 10. Rxb7 c5 (10... O-O
$5) 11. Be2 cxd4 12. exd4 Bd5 13. Rb5 Nb6 14. O-O Qd7 15. Rb4 O-O 16. Ne5 Qb7
17. f3 Bxe5 18. dxe5 Rfd8 19. Qc1 Qc7 $132 {0-1 Paikidze,N (2278)-Nebolsina,V 
(2310)/Moscow 2010/CBM 138 Extra (22)}) (10. Bg3 Nb6 11. Be2 O-O 12. O-O c5 13.
dxc5 Nd5 14. Bxc4 Nxc3 15. Qxd8 Rfxd8 16. Bxe6 Nxb1 17. Bxf7+ Kxf7 18. Rxb1 Bf6
$17 {0-1 Petran,P (2361)-Csiba,D (2353)/Slovakia 2009/EXT 2011 (55)}) (10. Be2
Rb8 11. Qc2 b5 12. Ng5 Bd5 13. e4 Ba8 14. O-O O-O 15. a4 a6 16. axb5 axb5 17.
Rfd1 Nf6 $15 {0-1 Guramishvili,S (2339)-Bacallao Alonso,Y (2467)/Barbera del
Valles 2009/CBM 131 Extra (35)}) 10... Bd5 11. e4 h6 12. exd5 hxg5 13. Bxg5 Nb6
14. Bxc4 Qd6 $146 {[%mdl 8]} (14... Nxc4 15. Qa4+ Qd7 16. Qxc4 Qg4 (16... O-O-O
17. Bf4 g5 18. Bg3 f5 19. f4 $14) 17. Qb5+ c6 18. dxc6 Qe4+ 19. Be3 bxc6 20.
Qb7 $16 {1/2 Studnicka,T (2348)-Langner,L (2369)/Czech Rep CZE 2011/The Week
in Chess 854 (77)}) 15. g3 O-O-O 16. Bb3 (16. Bf4 e5 $1 17. dxe5 (17. dxe6 Qc6)
17... Bxe5 $17) (16. Qb3 Bh6 17. Bxh6 Rxh6 18. h4 g5 19. h5 e5 $1 $44) 16...
Nxd5 $11 17. Qf3 Rh5 18. Bxd5 (18. h4 Bf6) 18... Qxd5 19. Qxd5 Rxd5 20. Bxe7
Ra5 21. a3 $6 {This move leads to material losses for White.} (21. Rb2 Rhb5 (
21... Kd7 22. Re2) 22. Rxb5 Rxb5 23. O-O Rb2 $44) 21... Kd7 22. Bb4 Ra4 23. Kd2
$2 (23. Kd1 $142 $1 c5 $1 (23... b6 24. g4 Rh3 25. Re1) 24. Bxc5 b6 25. Bxb6
axb6 26. Rxb6 Rxa3 27. Kd2 {, and White should not lose.}) 23... b6 {[%cal
Rc7c5]} 24. Kc2 (24. g4 Rh3 25. Rhe1 c5 $1 26. dxc5 bxc5 27. Bxc5 Bxc3+) 24...
c5 25. Bxc5 (25. Kb3 Ra6) 25... bxc5 26. Rb7+ Kd6 27. Rxf7 Bh8 {White
currently has three pawns for the piece but his queenside pawns are hopelessly
weak. Black overcomes technical difficulties and converts his advantage.} 28.
Kb3 Ra6 29. dxc5+ Rxc5 30. Rd1+ Kc6 31. Rf3 Rb5+ 32. Kc2 (32. Ka2 Rab6 33. Rd2
Rb3 34. Rc2 $140 Kc5 {[%cal Yc5c4,Yh8c3]}) 32... Rxa3 33. Rd8 Be5 34. Rg8 Ra2+
35. Kd3 Rc5 36. c4 (36. Rxg6+ Kd5 $19) 36... Ra3+ 37. Ke2 Rxf3 38. Kxf3 Bd6 39.
h4 a5 40. g4 a4 41. Ra8 Rxc4 42. h5 gxh5 43. gxh5 a3 44. h6 Rh4 45. Rh8 Kb7 46.
Rh7+ Bc7 0-1

[Event "RUS-chT 12th"]
[Site "Sochi"]
[Date "2005.04.20"]
[Round "2"]
[White "Moiseenko, Alexander"]
[Black "Svidler, Peter"]
[Result "0-1"]
[WhiteElo "2665"]
[BlackElo "2725"]
[Annotator "Krasenkow,M"]
[PlyCount "80"]
[EventDate "2005.04.19"]
[EventType "team-tourn"]
[EventRounds "11"]
[EventCountry "RUS"]
[SourceTitle "EXT 2020"]
[Source "ChessBase"]
[SourceDate "2019.10.17"]
[SourceVersion "1"]
[SourceVersionDate "2019.10.17"]
[SourceQuality "1"]
[WhiteTeam "Saratov Ekonomist SGSEU"]
[BlackTeam "Kazan Ladya"]
[WhiteTeamCountry "RUS"]
[BlackTeamCountry "RUS"]

{[%mdl 1]} 1. d4 Nf6 2. c4 g6 3. Nc3 d5 4. Bg5 Ne4 5. Bh4 Nxc3 6. bxc3 dxc4 7.
e3 Be6 8. Nf3 Bg7 9. Rb1 b6 10. Nd2 O-O 11. Be2 {About this line - see CBM104,
annotations to Dreev - Huzman.} c5 {This move had been considered a mistake
before this game. However, GM Peter Svidler comes up with a fantastic idea.}
12. Bf3 {Otherwise Black is just fine, e.g.} (12. Nxc4 Nc6 13. O-O cxd4 14.
cxd4 Rc8 15. Rc1 Qd7 16. Qd2 Bd5 17. Rfd1 Qe6 18. a3 Rfd8 $11 {0-1 Brustkern,
J-Szeberenyi,A/Budapest 2004/CBM 103 ext (66)}) (12. O-O cxd4 13. exd4 Nd7 14.
Nxc4 Nf6 15. Ne5 Rc8 16. c4 Ne4 17. Rc1 Nd6 18. d5 Bxe5 19. dxe6 f5 20. Re1 Rc5
21. Bf3 Qc7 22. Bd5 Ne4 $132 {0-1 Nogueiras,J-Sasikiran,K/ICC INT 2005/The
Week in Chess 544 (35)}) 12... cxd4 $1 $146 {[%mdl 520] This is the point!
Black sacrifices a whole rook!} (12... Bd5 {is met by} 13. Bxe7 $1 Bxf3 14.
Qxf3 Qxe7 15. Qxa8 {and Black's counterplay after} cxd4 16. cxd4 c3 17. Nb3 c2
{is insufficient:} 18. Rc1 Qb4+ 19. Nd2 Rc8 (19... Qc3 20. Qd5 Rc8 21. Qb3 Bf8
22. Qxc3 Rxc3 23. Nb3 Na6 24. Kd2 Bb4 25. Na1 Ra3+ 26. Ke2 $18 {1/2-1/2
Steinhoff,I-Henao,R/Sao Paulo 1992/EXT 98 (59)}) 20. Qb7 $1 (20. Qd5 Bf8 21.
Qb3 Na6 22. Ke2 Qxb3 23. Nxb3 Ba3 $11 {1/2-1/2 Solozhenkin,E-Slizhevsky,A/St
Petersburg 2004/EXT 2005 (51)}) 20... Qc3 21. O-O $1 Bf8 22. Nf3 (22. Ne4 Qc6)
(22. d5 Qc7 23. Qxc7 Rxc7 24. Nf3 Ba3 25. Nd4 Bxc1 26. Rxc1 f5 27. Rxc2 Rxc2
28. Nxc2 Kf7) (22. h3 Kg7 (22... Ba3 $2 23. Nb1 $1) (22... Qc7 23. Qxc7 Rxc7
24. Nb3 Ba3 25. Na1) 23. Nb3 Ba3 24. Qxa7 Bxc1 25. Rxc1 Nc6 26. Qxb6 Nb4 $132)
22... Ba3 23. Ne5 Qc7 24. Qd5 Bxc1 25. Rxc1 Kg7 26. Qb3 f6 27. Nf3 Qc3 28. Qxc3
Rxc3 29. Ne1 {and Black loses the c2 pawn.}) 13. cxd4 $6 (13. Bxa8 {is crucial
of course. The position after} dxc3 {needs further analysis; Black's passed
pawns should not be underestimated!}) 13... Nd7 14. Bxa8 (14. d5 Bf5 15. e4 c3
16. Nb3 Rc8 17. Qc2 g5 $1 18. Bxg5 Bg6 {[%csl Gc3] with an excellent position
for Black.}) 14... Qxa8 {With a strong passed pawn for the exchange and a pair
of bishops, Black's position should be prefered.} 15. O-O (15. f3 $5 c3 $140
16. Ne4) 15... c3 16. Nf3 Rc8 {It is not easy to say where White made a
mistake later in the game but Black won quite confidently:} 17. Qa4 Nf6 18.
Rfc1 ({Perhaps} 18. Bxf6 $142 $5 {giving up this useless bishop.}) 18... Nd5
19. Qc2 a5 20. a3 Qa6 21. Bg3 Bh6 22. Re1 b5 23. e4 b4 $1 24. Ne5 (24. exd5 $2
Bf5 25. Qb3 Bxb1 26. Rxb1 c2) 24... Bd2 25. Rf1 (25. Red1 Qe2 $1 {[%csl Re4]
[%cal Ce4d5,Rd5e3,Rd5f6]}) 25... Qb5 (25... Qe2 $1 {was quite strong here, too.
}) 26. a4 Qb7 (26... Qe2 $1 27. exd5 Bf5 28. Qd1 Qxd1 29. Rbxd1 Bc2 30. Ra1 b3
31. Nc6 Kf8 $19) 27. Nf3 Bh6 28. h4 (28. Ne5 Nb6 29. d5 Nxd5 $1 30. exd5 Qxd5 {
[%cal Cf1d1,Cd1d5,Rb4b3]}) 28... Nb6 29. d5 Bd7 30. Ra1 Nxa4 31. Nd4 Qb6 32.
Nb3 Bb5 33. Rfb1 Nc5 34. Nxc5 Rxc5 35. Be5 Rc8 36. Rd1 a4 37. d6 b3 38. d7 Bxd7
39. Qd3 Bb5 40. Qh3 Qe6 0-1

[Event "Bundesliga 0506"]
[Site "Germany"]
[Date "2005.10.23"]
[Round "2.1"]
[White "Sargissian, Gabriel"]
[Black "Areshchenko, Alexander"]
[Result "1-0"]
[WhiteElo "2610"]
[BlackElo "2653"]
[Annotator "Krasenkow,M"]
[PlyCount "87"]
[EventDate "2005.10.21"]
[EventType "team-tourn"]
[EventRounds "15"]
[EventCountry "GER"]
[SourceTitle "CBM 110"]
[Source "ChessBase"]
[SourceDate "2006.01.31"]
[SourceVersion "1"]
[SourceVersionDate "2006.01.31"]
[SourceQuality "1"]
[WhiteTeam "Wattenscheid"]
[BlackTeam "Werder Bremen"]
[WhiteTeamCountry "GER"]
[BlackTeamCountry "GER"]

1. d4 Nf6 2. c4 g6 3. Nc3 d5 4. Bg5 Ne4 5. Bh4 Nxc3 6. bxc3 Bg7 7. e3 c5 8.
cxd5 Qxd5 9. Nf3 Nc6 10. Be2 cxd4 11. cxd4 O-O 12. O-O b6 13. Qb3 {This modest
move has put the 12...b6 plan under cloud.} Be6 $6 {Not the best square for
the bishop.} ({The endgame after} 13... Qxb3 14. axb3 {is slightly preferable
for White.}) (13... Qd6 14. Bg3 Qd8 15. Rfc1 Bb7 16. Qa3 Rc8 17. Bb5 Na5 18.
Rxc8 Bxc8 19. Bh4 Bf6 20. Bxf6 exf6 21. Be2 $14 {1-0 Atalik,S-Rogulj,B/Bled
2000/EXT 2002/[Atalik] (40)}) 14. Rac1 {White has a pleasant choice:} (14. Qa3
Rfe8 (14... Qd7 15. Rfd1 Bd5 16. Rac1 a6 17. Nd2 Rfc8 18. Bf1 Qg4 19. Bg3 Na5
20. h3 Qd7 21. e4 Bb7 22. d5 e6 23. Nc4 Nxc4 24. Bxc4 exd5 25. Bxd5 $14 {
1-0 Casafus,R-Ricardi,P/Buenos Aires 1988/EXT 99 (64)}) 15. Rfc1 Bd7 16. Nd2 $5
(16. Ba6 Bf8 17. Qb3 (17. Bb7 Rab8 18. Qxa7 $16) 17... Qxb3 18. axb3 Na5 19.
Rc7 Nxb3 20. Ra3 Be6 $14 {1/2-1/2 Sorin,A-Guerra,P/Seville 1989/EXT 97 (32)}) (
16. Ng5 $5 Qa5 17. Qb3 e6 18. Bf3 Rac8 19. Ne4 Nb4 20. a3 Nd5 21. Nd6 Rxc1+ 22.
Rxc1 Rb8 23. Bg3 $16 {1-0 Forintos,G-Barreras,A/Cienfuegos 1979/MCL (44)})
16... e5 $2 17. Bc4 Qa5 18. Qd6 Be6 19. d5 (19. Nb3 Qb4 20. Qxc6 Rec8 (20...
Rac8 21. Qb5) 21. Qxe6 $1 $18) 19... Qxd2 20. Qxc6 Rec8 21. Qb7 Bf5 22. d6 Qxd6
23. Qxf7+ Kh8 $11 {1/2-1/2 Lengyel,L-Sax,G/Hungary 1973/MCD (28)}) (14. Bb5 $5
Qd6 15. Bg3 $16 {S.Atalik}) 14... Qe4 $6 (14... Qd7 $142 15. Qa3 Bd5 (15... a6
16. Nd2 Bd5 17. Bd3 f5 18. Bc4 b5 19. Bxd5+ Qxd5 20. Qc5 Qxc5 21. Rxc5 Bf6 22.
Bxf6 Rxf6 23. Nb3 $16 {1/2-1/2 Forintos,G-Polgar,I/Hungary 1972/MCL (74)}) 16.
Bb5 Rfc8 17. Ba6 Re8 18. Rfe1 Bxf3 19. gxf3 Na5 20. Red1 e5 21. d5 Bf8 22. Qd3
Qh3 23. Bg3 $16 {1-0 Krizsany,L-Keatinge Clay,A/Koszeg 2000/EXT 2002 (41)}) (
14... Qxb3 15. axb3 Bd5 16. Bc4 $1 $16) 15. Bd3 Qxh4 (15... Qxf3 16. gxf3 Bxb3
17. axb3 $16) 16. Qxe6 $1 {This was probably underestimated by Black.} fxe6 17.
Nxh4 {[%csl Re6,Re7]} Nb4 18. Bc4 Kf7 19. Nf3 h6 20. a3 Nd5 21. Rc2 Rab8 22. e4
Nf4 23. g3 Nh3+ 24. Kg2 Ng5 25. e5 $1 $18 {[%csl Rg7] Caging the g7 bishop.
White is now practically a piece up.} Nxf3 (25... Rfd8 26. Nxg5+ hxg5 27. f4 $1
Rxd4 28. fxg5+ Kg8 29. Bxe6+ Kh8 30. Rc7 $18) 26. Kxf3 b5 27. Bb3 Rb6 28. Ke4
a5 29. Rfc1 a4 30. Ba2 b4 31. Rc6 Rxc6 32. Rxc6 b3 33. Bb1 h5 34. h4 Rb8 35. f4
b2 36. Kd3 Rb3+ 37. Rc3 Rb5 38. Kc2 Rb6 39. Rc4 Rb3 40. Rc3 Rb6 41. Ba2 Bf8 42.
Rc4 g5 43. fxg5 Kg6 44. Rb4 1-0